تبرکات آزاد ;; Tabarkat-e-Azad / (Record no. 81712)
[ view plain ]
| 000 -LEADER | |
|---|---|
| fixed length control field | 00684naa a2200205 a 4500 |
| 001 - CONTROL NUMBER | |
| control field | 81712 |
| 003 - CONTROL NUMBER IDENTIFIER | |
| rucl marc code | BD-RjUL |
| 005 - DATE AND TIME OF LATEST TRANSACTION | |
| control field | 20230817141731.0 |
| 008 - FIXED-LENGTH DATA ELEMENTS--GENERAL INFORMATION | |
| fixed length control field | 230817s1968 p ||||| |||| 00| 0 urd d |
| 035 ## - SYSTEM CONTROL NUMBER | |
| System control number | (BD-RjUL)81712 |
| 040 ## - CATALOGING SOURCE | |
| Original cataloging agency | BD-RjUL |
| Language of cataloging | eng |
| Transcribing agency | BD-RjUL |
| 041 ## - LANGUAGE CODE | |
| Language code of text/sound track or separate title | urd |
| 082 ## - DEWEY DECIMAL CLASSIFICATION NUMBER | |
| Edition number | 23 |
| Classification number | 891.4396 |
| Author mark and year | GHT 1968 |
| 100 1# - MAIN ENTRY--PERSONAL NAME | |
| Personal name | مہر٫ غلام رسول ;; G̲h̲ulām Rasūl Mihr. |
| 9 (RLIN) | 8397 |
| 245 10 - TITLE STATEMENT | |
| Title | تبرکات آزاد ;; Tabarkat-e-Azad / |
| Statement of responsibility, etc. | by غلام رسول مہر :: G̲h̲ulām Rasūl Mihr. |
| 260 ## - PUBLICATION, DISTRIBUTION, ETC. (IMPRINT) | |
| Place of publication, distribution, etc. | لاھور : Lāhaur : |
| Name of publisher, distributor, etc. | کتاب منزل : Kitāb Manzil, |
| Date of publication, distribution, etc. | |
| 650 ## - SUBJECT ADDED ENTRY--TOPICAL TERM | |
| Topical term or geographic name as entry element | Urdu literature |
| Form subdivision | Letter |
| 9 (RLIN) | 8398 |
| Topical term or geographic name as entry element | Urdu Letter |
| 9 (RLIN) | 8399 |
| 942 ## - ADDED ENTRY ELEMENTS (KOHA) | |
| Source of classification or shelving scheme | Dewey Decimal Classification |
| Koha item type | Books |
| Lost status | Source of classification or shelving scheme | Damaged status | Not for loan | Collection code | Permanent Location | Current Location | Shelving location | Date acquired | Source of acquisition | Cost, normal purchase price | Total Checkouts | Full call number | Date last seen | Copy number | Koha item type |
|---|---|---|---|---|---|---|---|---|---|---|---|---|---|---|---|
| Dewey Decimal Classification | Not For Loan | Non-fiction | Central Library, University of Rajshahi | Central Library, University of Rajshahi | Reading Room | 12/05/1967 | Mubarak | 6.50 | U 891.4396 GHT 1968 | 17/08/2023 | C-1 | Books |